00440nam a2200145Ia 4500008004100000041000900041082001700050100002600067245003600093260003800129300000800167650000800175999001700183952009400200230718s9999 xx 000 0 und d aEng. a39554bJUS-G aJustice, Mughal Munir 0aghair qanoni bedakhli ka qanoon aPakistanbMuneeb Book Housec2005 a332 aLaw c28390d28390 00104070aSIRC-LbSIRC-Ld2023-07-18l0o39554 JUS-Gp23342r2023-07-18w2023-07-18yBK